00449pab a2200157 454500008004000000100001900040245005700059260000900116300001600125362001000141650002800151650002500179650003300204650002000237773003400257180718b2004 xxu||||| |||| 00| 0 eng d aMahmud, Simeen aHealth and population: making progress under poverty c2004 ap.4081-092. a4 Sep aBangladesh - Population aPoverty - Bangladesh aHealth services - Bangladesh aHealth services aEconomic and Political Weekly